University Home | Library Home | Institutional Repository

The segregation fallacy and other papers : (Record no. 161036)

MARC details
000 -LEADER
fixed length control field 00658cam9a220019300 4500
001 - CONTROL NUMBER
control field tmp15736979
003 - CONTROL NUMBER IDENTIFIER
control field UPRA
005 - DATE AND TIME OF LATEST TRANSACTION
control field 20190826094848.0
008 - FIXED-LENGTH DATA ELEMENTS--GENERAL INFORMATION
fixed length control field 951017s1928 sa eng u
035 ## - SYSTEM CONTROL NUMBER
System control number (Sirsi) r17193
035 ## - SYSTEM CONTROL NUMBER
System control number (UPRA)tmp15736979
040 ## - CATALOGING SOURCE
Transcribing agency UPRA
100 1# - MAIN ENTRY--PERSONAL NAME
Personal name Jabavu, D. D. T.
Linkage A5773.1
245 14 - TITLE STATEMENT
Title The segregation fallacy and other papers :
Remainder of title (a native view of some South African inter-racial problems).
260 ## - PUBLICATION, DISTRIBUTION, ETC.
Place of publication, distribution, etc. [Lovedale] :
Name of publisher, distributor, etc. Lovedale Institution Press,
Date of publication, distribution, etc. 1928.
651 #0 - SUBJECT ADDED ENTRY--GEOGRAPHIC NAME
Geographic name South Africa -- Race relations.
General subdivision South Africa -- Race relations.
Linkage S652.1
949 ## - LOCAL PROCESSING INFORMATION (OCLC)
a HN796
w lcc
i -12553
m MAIN
t BOOK
l ON-SHELF

No items available.

© 2026 - The University of Zambia Library - Koha v25.11